banner koha

Perfil epidemiológico da cisticercose bovina e suína em três regiões do estado de Minas Gerais, Brasil (Registro n. 328158)

MARC details
000 -LÍDER
fixed length control field 04038nab a2200397 i 4500
003 - CÓDIGO MARC DA AGÊNCIA CATALOGADORA
Campo de controle BR-BrBNA
005 - DATA E HORA DA ÚLTIMA ATUALIZAÇÃO
Campo de controle 20241017115921.0
008 - CAMPO DE TAMANHO FIXO
fixed length control field 241017b2019 bl.|r|pooa||| 00| 0 por |
040 ## - FONTE DA CATALOGAÇÃO
Agência catalogadora BR-BrBNA
Idioma da catalogação por
072 ## - CATEGORIA AGRIS
Código AGRIS L70
Código do objeto 5300
072 ## - CATEGORIA AGRIS
Código AGRIS L73
Código do objeto 5212
100 ## - ENTRADA PRINCIPAL - NOME PESSOAL
Nome pessoal Pinto, P.S.A.
100 ## - ENTRADA PRINCIPAL - NOME PESSOAL
Nome pessoal Santos, W.L.M.
100 ## - ENTRADA PRINCIPAL - NOME PESSOAL
Nome pessoal Laerte, P.A.
100 ## - ENTRADA PRINCIPAL - NOME PESSOAL
Nome pessoal Laerte, P.A.
100 ## - ENTRADA PRINCIPAL - NOME PESSOAL
Nome pessoal Santos, T.O.
100 ## - ENTRADA PRINCIPAL - NOME PESSOAL
Nome pessoal Duarte, C.T.D.
245 ## - TÍTULO PRINCIPAL
Título principal Perfil epidemiológico da cisticercose bovina e suína em três regiões do estado de Minas Gerais, Brasil
500 ## - NOTA GERAL
Nota geral Publicação online; 25 ref.; 6 tables; Summaries (En, Pt)
942 ## - ADDED ENTRY ELEMENTS (KOHA)
Koha item type Analítica
520 ## - NOTA DE RESUMO
Nota de conteúdo <br/><br/>RESUMO - Com o objetivo de avaliar a situação epidemiológica da cisticercose suína e bovina na zona rural de cinco municípios, distribuídos em três distintas regiões do estado de Minas Gerais, foi determinada a prevalência das cisticercoses bovina e suína nas propriedades rurais e os principais fatores de risco que poderiam favorecer a transmissão e manutenção da doença nas referidas propriedades. A pesquisa abrangeu 388 propriedades, localizadas em 91 diferentes comunidades rurais, sendo coletadas 1.792 amostras de sangue bovino e 554 de suíno. Além da avaliação das referidas amostras laboratoriais (ELISA indireto e imunoblot), também foram analisados os dados obtidos da aplicação de um questionário para cada propriedade, no qual constava as informações sobre as condições socioeconômicas, higiênico-sanitárias e as relacionadas ao sistema de criação animal. A prevalência da cisticercose variou de 0,3 a 5,9% nos bovinos e de 0 a 2,8% nos suínos criados artesanalmente nesses municípios pesquisados. Os principais fatores de risco de transmissão identificados foram a fonte de água consumida, a origem da carne, a natureza do município e da região, para a cisticercose bovina, e o destino do esgoto e o sistema de criação, para a cisticercose suína.<br/><br/><br/>Palavras-chave: bovinos, cisticercose, suínos, fatores de risco, prevalência
520 ## - NOTA DE RESUMO
Nota de conteúdo <br/><br/>ABSTRACT - In order to evaluate the epidemiological situation of porcine and bovine cysticercosis in the rural area of five municipalities, distributed in three different regions of the state of Minas Gerais, Brazil, the prevalence of bovine and porcine cysticercosis was determined in the rural properties as well as the main risk factors that may favor the transmission and maintenance of the disease in these properties. The research covered 388 farms, located in 91 different rural communities, with 1,792 samples of bovine blood and 554 of swine collected. In addition to the evaluation of these laboratory samples (indirect ELISA and Imunoblot), the data obtained from the application of a questionnaire for each property were also analyzed, with information on socioeconomic, hygienic-sanitary and animal-related conditions. The prevalence of cysticercosis ranged from 0.3 to 5.9% in cattle and from 0 to 2.8% in the pigs raised in these municipalities. Among the main risk factors for transmission of bovine cysticercosis were the source of water consumed, the origin of the meat, the nature of the municipality and the region. Regarding the pigs, risk factors were the sewage disposal and animal management system.<br/><br/><br/>Keywords: bovine, cysticercosis, swine, risk factors, prevalence
650 ## - ASSUNTO - THESAGRO
Cabeçalho tópico ou nome geográfico PROPRIEDADE RURAL
650 ## - ASSUNTO - THESAGRO
Cabeçalho tópico ou nome geográfico PESQUISA
650 ## - ASSUNTO - THESAGRO
Cabeçalho tópico ou nome geográfico BOVINO
650 ## - ASSUNTO - THESAGRO
Cabeçalho tópico ou nome geográfico SUÍNO
650 ## - ASSUNTO - THESAGRO
Cabeçalho tópico ou nome geográfico ZOONOSE
650 ## - ASSUNTO - THESAGRO
Cabeçalho tópico ou nome geográfico CISTICERCOSE
650 ## - ASSUNTO - THESAGRO
Cabeçalho tópico ou nome geográfico HIGIENE VETERINÁRIA
650 ## - ASSUNTO - THESAGRO
Cabeçalho tópico ou nome geográfico SANIDADE ANIMAL
650 ## - ASSUNTO - THESAGRO
Cabeçalho tópico ou nome geográfico VETERINÁRIA PREVENTIVA
650 ## - ASSUNTO - THESAGRO
Cabeçalho tópico ou nome geográfico MINAS GERAIS
773 0# - ENTRADA ANALÍTICA
Host Biblionumber 1643
Registro do item 345321
Imprenta Belo Horizonte-MG Universidade Federal de Minas Gerais - Escola de Veterinaria 1983
Outro identificador 2024-5846
Título Arquivo Brasileiro de Medicina Veterinária e Zootecnia (Brazil)
ISSN 0102-0935
Colação v. 71(1) p. 167-176; (2019)
Número de controle de registro BR2024002904
856 ## - ACESSO E ENDEREÇO ELETRÔNICO
Identificador uniforme de recurso - URI https://www.scielo.br/j/abmvz/a/GWwykPHMYd4LgJ9QDDP5zKs/?format=pdf&lang=pt

Nenhum exemplar disponível.

BINAGRI

Telefone: (61)3218-2567/2388/3357/2097 - binagri@agro.gov.br

Ministério da Agricultura e Pecuária , Esplanada dos Ministérios, Bloco D, Anexo B, Brasília/DF, CEP: 70.043-900